Stolice Europy położone najdalej od morza - Statystyki

Ogólne statystyki
  • Ten quiz został rozwiązany 49 526 razy
  • Średni wynik to 7 z 10
Statystyki odpowiedzi
km Stolica % Poprawnych
635 Moskwa
88%
391 Praga
88%
371 Bratysława
79%
418 Budapeszt
78%
342 Wiedeń
78%
417 Kijów
76%
415 Mińsk
69%
307 Madryt
61%
298 Berno
60%
293 Belgrad
50%
Nie znaleziono quizów pasujących do podanych kryteriów
Rozkład punktacji
Procent ludzi z każdym wynikiem
Percentyl według liczby udzielonych odpowiedzi
Twoja historia wyników
Nie rozwiązałeś tego quizu